Score 0/20 Timer 02:00
0 Plays Today
Player % Correct
Kent Bazemore
87.8%
John Collins
72.2%
Dennis Schröder
72.2%
Taurean Prince
70.3%
DeAndre' Bembry
68.1%
Mike Muscala
61.2%
Dewayne Dedmon
53.2%
Malcolm Delaney
52.5%
Marco Belinelli
47.9%
Ersan Ilyasova
45.2%
Player % Correct
Miles Plumlee
44.9%
Tyler Dorsey
39.5%
John Jenkins
38.4%
Quinn Cook
35%
Nicolas Brussino
28.5%
Luke Babbitt
27.8%
Josh Magette
26.6%
Jeremy Evans
22.4%
Tyler Cavanaugh
17.5%
Jordan Mathews
13.7%
Remove Ads.
Support Sporcle.
Get the best of Sporcle when you Go Orange. This ad-free experience offers more features, more stats, and more fun while also helping to support Sporcle. Thank you for becoming a member.

You're not logged in!

Compare scores with friends on all Sporcle quizzes.
OR
Log In

Sporcle TV

Today on Sporcle TV


Watch our educational content, quiz creation guides, and fun videos on Sporcle TV.

Show Comments

Extras

Top Quizzes Today


Score Distribution

Paid Content

Your Account Isn't Verified!

In order to create a playlist on Sporcle, you need to verify the email address you used during registration. Go to your Sporcle Settings to finish the process.

Report this User

Report this user for behavior that violates our Community Guidelines.

Details: